| 000 | 01400nam a22003857a 4500 | ||
|---|---|---|---|
| 003 | CHAP | ||
| 005 | 20241210132634.0 | ||
| 007 | ta | ||
| 008 | 080826d2007 mx ad frm 00110 spa d | ||
| 010 | _a95071 | ||
| 011 | _a96043 | ||
| 035 | _a106682 | ||
| 040 |
_amxchpua _cCHAP |
||
| 090 | _aTesis A745 2007 | ||
| 100 | 1 |
_aArellano San Vicente, Octavio _96924 |
|
| 245 | 1 | 0 |
_aEfecto de un emulsificante y un estabilizante en la formulación de una crema mezcal / _cOctavio Arellano San Vicente y Hedilberto Velázquez Miranda |
| 300 |
_avi, 81 hojas : _bilustraciones, tablas, gráficas + |
||
| 502 |
_aTesis _b(Ingeniero Agroindustrial) -- _cUACh. Departamento de Ingeniería Agroindustrial, _d2007 |
||
| 504 | _aBibliografía : hojas 71-74 | ||
| 590 |
_aALEPH _b10 _c20130110 |
||
| 590 |
_aBATCH-UPD _b10 _c20130110 |
||
| 590 |
_aBATCH-UPD _b10 _c20130410 |
||
| 590 |
_aBATCH-UPD _b10 _c20130914 |
||
| 590 |
_aCONVERSION _b10 _c20130109 |
||
| 650 | 1 | 4 |
_aAgave _xProcesado. _91087 |
| 650 | 1 | 4 |
_aEmulsión. _936667 |
| 650 | 1 | 4 |
_aMezcal. _975353 |
| 650 | 1 | 4 |
_aMezcal _xElaboración. _975354 |
| 650 | 1 | 4 |
_aProcesamiento industrial. _991820 |
| 700 | 1 |
_aVelázquez Miranda, Hedilberto. _9118580 |
|
| 901 | _aBK | ||
| 942 |
_cFOLL _2ddc |
||
| 949 |
_aTesis _bBC _cTES _d33724002067785 _eTS2 _fc.2 _gDonaciØn _h47883 _i106682 _sb |
||
| 949 |
_aTesis _bBC _cTES _d33724002067827 _eTS1 _gDonaciØn _h47882 _i106682 _sb |
||
| 999 |
_c95071 _d95071 |
||